| 000 | 01190nam a2200325 4500 | ||
|---|---|---|---|
| 005 | 20240530110415.0 | ||
| 008 | 150303s2005 su od a 000 0 ara d | ||
| 017 |
_a4625/1426 _bالسعودية . مكتبة الملك فهد |
||
| 020 | _a9960407934 | ||
| 040 | _aEG-CaGPL | ||
| 041 | 0 | _aara | |
| 082 | 0 | 4 |
_221 _a612 _bط/ج ج |
| 100 | 1 |
_aجانيرى ، انيتا _qانيتا جانيرى |
|
| 245 | 1 | 0 |
_aخذ نفسا عميقا / _cتاليف انيتا جانيرى ؛ ترجمة مركز التعريب والترجمة بمكتبة العبيكان |
| 250 | _aط1 | ||
| 260 |
_aالسعودية : _bمكتبة العبيكان ، _c2005 |
||
| 300 |
_a23 ص : _bايض ؛ _c32 سم |
||
| 490 | 0 | _aجسم الانسان | |
| 650 | 0 | 4 | _aجسم الانسان |
| 650 | 0 | 4 |
_aالاطفال _xتعليم |
| 650 | 0 | 4 | _aالتنفس |
| 650 | 0 | 4 |
_aالتنفس _xتمرينات |
| 650 | 0 | 4 | _aالزفير |
| 650 | 0 | 4 | _aالشهيق |
| 650 | 0 | 4 | _aالرئتان |
| 650 | 0 | 4 | _aالجهاز التنفسى |
| 710 |
_aمركز التعريب والترجمة بمكتبة العبيكان _eمترجم |
||
| 942 |
_2ddc _cBK |
||
| 999 |
_c60541 _d60541 |
||